Severoatlantická aliancia – spojenectvo dvoch percent
V roku 2006 sa 28 členských krajín - 27 armád sveta zaviazalo plniť svoje povinnosti voči Severoatlantickej aliancii dvoj percentným príspevkom z HDP na spoločnú obranu. Výdavky členských štátov ako % HDP. Agregovaná štruktúra výdavkov na obranu v SR v %. Toky zbraní a vojenských systémov medzi EÚ...
Salvato in:
| Autore principale: | |
|---|---|
| Natura: | Capitolo di libro |
| Lingua: | slovacco |
| Soggetti: | |
| Tags: |
Nessun Tag, puoi essere il primo ad aggiungerne!!
|
MARC
| LEADER | 00000nla a2200000 4500 | ||
|---|---|---|---|
| 001 | 0235175 | ||
| 005 | 20240502073816.6 | ||
| 041 | 0 | |a slo | |
| 044 | |a SK | ||
| 245 | 1 | 0 | |a Severoatlantická aliancia – spojenectvo dvoch percent |c Richard Kališ |
| 520 | |a V roku 2006 sa 28 členských krajín - 27 armád sveta zaviazalo plniť svoje povinnosti voči Severoatlantickej aliancii dvoj percentným príspevkom z HDP na spoločnú obranu. Výdavky členských štátov ako % HDP. Agregovaná štruktúra výdavkov na obranu v SR v %. Toky zbraní a vojenských systémov medzi EÚ a USA. | ||
| 610 | 2 | 0 | |a NATO |
| 610 | 2 | 0 | |a USA |
| 610 | 2 | 0 | |a Európska únia |
| 610 | 2 | 0 | |a výdavky na obranu a bezpečnosť |
| 610 | 2 | 0 | |a výdavky rozpočtu štátneho |
| 610 | 2 | 0 | |a produkt domáci hrubý |
| 100 | 1 | |a Kališ, Richard, 1991- | |